Регионална библиотека "Любен Каравелов" - Русе

Изпитание на символите (Запис номер 12357)

MARC детайли
000 -Лидер
Контролно поле с фиксирана дължина 01504nam a2200337 c 4500
003 - Код на организацията, давaща контролен номер
Контролно поле BLK
005 - Дата и час на последна редакция
Контролно поле 20240623004052.0
008 - Елементи от данни с фиксирана дължина
fixed length control field 180412b bul|||||r ||||||| ||bul||
010 ## - Наследен системен номер
LC control number KNG00013949000
040 ## - Източник на каталожния запис
Идентификатор на билиотеката - собственик на записа BLK
041 ## - Код за език
Код за езика на текст/звукозапис или на отделно заглавие Български
Код за езика КДБФ Български
080 ## - УДК
Текстов определител УДК Българска литература
УДК код - определител по УДК 821.163.2
УДК определител .09.000.159.964.2
УДК - код + определител 821.163.2.09.000.159.964.2
080 ## - УДК
Текстов определител УДК Литература на отделни езици и езикови семейства
УДК код - определител по УДК 821
УДК определител .000.159.964.2
УДК - код + определител 821.000.159.964.2
100 ## - Редна дума - Автор
Автор Кирова, Милена Георгиева
R(LIN) 251220
139 ## - Редно поле
Редна дума Кирова, Милена Георгиева
Авторски знак Киро - К 59
245 10 - Сведения за заглавието
Заглавие Изпитание на символите
Подзаглавни данни Бълг. лит. и психоаналитична критика
Редно поле (дума) Милена Георгиева Кирова.
257 ## - Страна на издаване
Страна на създаване/издаване България
260 ## - Област на издателските данни
-- София
Име на издателя, разпространителя и проч. Фенея
Година на издаване 1996
300 ## - Физическа характеристика
Страници 192 с.
Размери/Мащаб 20 см
380 ## - Жанр
Жанр Литературознание
650 #4 - Допълнително описание по предмет – тема
Основно описание – тема или топоним Българска литература - психоаналитични изследвания
9 (RLIN) 257461
650 #4 - Допълнително описание по предмет – тема
Основно описание – тема или топоним Западноевропейска литература - психоаналитични изследвания
9 (RLIN) 257462
650 #4 - Допълнително описание по предмет – тема
Основно описание – тема или топоним Поети, български
9 (RLIN) 241945
650 #0 - Допълнително описание по предмет – тема
Основно описание – тема или топоним Писатели, български
9 (RLIN) 241944
852 ## - Местоположение
Форматна сигнатура Цб 190235
856 4# - Електронен адрес и достъп
Електронен формат pdf - файл
Път до файла /url/
856 4# - Електронен адрес и достъп
Електронен формат pdf - файл
Път до файла /url/
942 ## - АРТИКУЛИ
Вид на библиотечния материал Книги
Скрит в OPAC Не
944 ## - СЪЗДАВАНЕ И РЕДАКЦИЯ на ЗАПИСА
Създаване/Редакция Създаване
Дата на регистрацията/редакция 15.01.2003
Служител, извършил регистрацията/редакцията
Статус, дата на статуса CRON CRON
944 ## - СЪЗДАВАНЕ И РЕДАКЦИЯ на ЗАПИСА
Създаване/Редакция Редакция
Дата на регистрацията/редакция 26.02.2018
Служител, извършил регистрацията/редакцията Геновева_Генчева
999 ## - СИСТЕМНИ КОНТРОЛНИ НОМЕРА
Koha biblionumber 12357
Koha biblioitemnumber 12357
Наличности
Код за отписване Код за изгубен артикул Източник на класификационната схема Код за повреда Коз за рестрикции Код за отдаване Артикулен № Име на библиотеката - собственик Име на библиотеката, в която се намира в момента Статус (Текущо местоположение) Дата на вписване в системата Местоположение - отдел Цена в лева Инвентарен номер Систематично азбучна сигнатура Баркод Номер на екземпляра Цена в евро Служебна бележка Служебен тип на артикула
  Не е изгубен Universal Decimal Classification Не е повреден без рестрикции ползва се в читалня 21360 Регионална библиотека "Любен Каравелов" Русе Регионална библиотека "Любен Каравелов" Русе Хранилище 1996-01-01 Хранилище 0.00 626576 Цб 190235 120000626576 1 0.00 Дост: Dp Вид: Д N: 32 Дата: 01.01.1996 Книги
Изтеглен Не е изгубен Universal Decimal Classification Не е повреден без рестрикции заемане за дома 21361 Регионална библиотека "Любен Каравелов" Русе Регионална библиотека "Любен Каравелов" Русе Заемна - подръчен фонд 1996-01-01 Заемна - подръчен фонд 3.00 635860 821.163.2.09/К 59 М 635860 2 1.53 Дата: 01.01.1996 Дата инв: 08.02.2018 Бележки инв: П2018 Книги
  Не е изгубен Universal Decimal Classification Не е повреден без рестрикции ползва се в читалня 21362 Регионална библиотека "Любен Каравелов" Русе Регионална библиотека "Любен Каравелов" Русе Читалня 1996-01-01 Читалня 3.00 635861 Ч 821.163.2.09/К 59 120000635861 3 1.53 Дата: 01.01.1996 Дата инв: 27.03.2017 Бележки инв: Ч2017 Книги
Vip Innovations Ltd, Rousse, Bulgaria 2025